01385nam a2200349Ia 4500001001200000003000800012006001900020007001500039008004100054010001700095020003100112020002500143020002400168020002600192040002100218035002100239050002300260082001900283100003900302245012600341260006300467300002600530504005100556533015200607650003600759650001600795655002900811710001700840710003500857856012600892999001701018ebr10726792CaPaEBRm o u cr cn|||||||||130402s2013 inua sb 001 0 eng d z 2013013434 z9781937554835 (alk. paper) z9781937554842 (epub) z9781937554859 (PDF) z9781937554866 (ebook) aCaPaEBRcCaPaEBR a(OCoLC)85169768514aRA971b.R63 2013eb04a362.1068/32231 aRobinson-Walker, Catherine,d1946-10aLeading valiantly in healthcareh[electronic resource] :bfour steps to sustainable success /cCatherine Robinson-Walker. aIndianapolis, IN :bSigma Theta Tau International,cc2013. axxxix, 296 p. :bill. aIncludes bibliographical references and index. aElectronic reproduction.bPalo Alto, Calif. :cebrary,d2013.nAvailable via World Wide Web.nAccess may be limited to ebrary affiliated libraries. 0aHealth services administration. 0aLeadership. 7aElectronic books.2local2 aebrary, Inc.2 aSigma Theta Tau International.40uhttp://site.ebrary.com/lib/rucke/Doc?id=10726792zAn electronic book accessible through the World Wide Web; click to view c38955d38955